| 000 | 01039nas a2200337 4500 | ||
|---|---|---|---|
| 001 | BR0302825 | ||
| 003 | BR-BrBNA | ||
| 005 | 20231205103842.0 | ||
| 007 | ta | ||
| 008 | 230509b bl.|||p| |||| 00| 00por d | ||
| 040 |
_aBR-BrBNA _bpor _cBiblioteca Nacional de Agricultura |
||
| 041 | _a(Pt) | ||
| 072 | _aF01; F04 | ||
| 100 | 1 | _aOliveira, J.C.P. | |
| 100 | 1 | _aMoraes, C.O.C. | |
| 245 | 1 | _aRendimento e qualidade da forragem de cevadilha vacariana (Bromus auleticus Trinius)em resposta a doses de nitrogênio | |
| 650 | _aCEVADILHA | ||
| 650 | _aGRAMÍNEA FORRAGEIRA | ||
| 650 | _aMATÉRIA ORGÂNICA | ||
| 650 | _aNITROGÊNIO | ||
| 650 | _aRENDIMENTO | ||
| 650 | _aMATÉRIA SECA | ||
| 650 | _aPROTEÍNA BRUTA | ||
| 650 | _aDIGESTIBILIDADE IN VITRO | ||
| 650 | _aRESPOSTA DA PLANTA | ||
| 650 | _aFORRAGEM | ||
| 650 | _aCONTROLE DE QUALIDADE | ||
| 773 | 0 |
_tRevista Científica Rural (Brazil) _xISSN 1413-8263 _g(2002), v. 7(1) p. 74-78 _wBR0302825 |
|
| 909 |
_a202311 _bLúcia _c55 _dLúcia Elande |
||
| 942 |
_2AGRIS _n0 _cANA |
||
| 999 |
_c175071 _d175071 |
||